Physical agents in rehabilitation: from research to practice

Salvato in:
Dettagli Bibliografici
Autore principale: Cameron, Michelle H (Autore)
Natura: Libro
Lingua:inglese
Pubblicazione: Saint Louis Saunders Elsevier 2009
Edizione:3a. ed
Soggetti:
Tags: Aggiungi Tag
Nessun Tag, puoi essere il primo ad aggiungerne!!

MARC

LEADER 00000nam a2200000 a 4500
001 UCG2965
003 CL-VaPUC
008 100805e20090000US |||||||||||||||||eng|d
020 |a 9781416032571 
082 0 4 |a 617.103  |b CAM  |2 21 
100 0 |a Cameron, Michelle H  |e author  |9 551675 
245 1 0 |a Physical agents in rehabilitation: from research to practice 
250 |a 3a. ed 
300 |a 457 p 
942 |c BK 
945 |d 20100805 00:00:00  |a dcastane 
260 |a Saint Louis  |b Saunders Elsevier  |c 2009 
650 7 |a REHABILITACION FISICA  |2 CL-VaPUC  |9 548501 
650 7 |a TERAPIA FISICA  |2 CL-VaPUC  |9 334239 
650 7 |a MEDICINA FISICA  |2 CL-VaPUC  |9 307380 
583 |a last modification  |c 20100805 00:00:00  |k Rodrigo Vera 
999 |c 342067  |d 342065 
952 |0 0  |1 0  |4 0  |6 617_103000000000000_CAM_2009  |7 0  |8 A  |9 438019  |a BIBCUR  |b BIBCUR  |d 2019-11-22  |i 4702484  |o 617.103 CAM 2009  |p 4702484  |r 2025-04-22  |w 2019-11-22  |y BK  |k KIN 
952 |0 0  |1 0  |4 0  |6 617_103000000000000_CAM_2009  |7 0  |8 A  |9 438020  |a BIBCUR  |b BIBCUR  |d 2019-11-22  |i 4702492  |o 617.103 CAM 2009  |p 4702492  |r 2025-04-22  |w 2019-11-22  |y BK  |k KIN 
952 |0 0  |1 0  |4 0  |6 617_103000000000000_CAM_2009  |7 0  |8 A  |9 438021  |a BIBCUR  |b BIBCUR  |d 2019-11-22  |i 4702506  |o 617.103 CAM 2009  |p 4702506  |r 2025-04-22  |w 2019-11-22  |y BK  |k KIN 
952 |0 0  |1 0  |4 0  |6 617_103000000000000_CAM_2009  |7 0  |8 A  |9 438022  |a BIBCUR  |b BIBCUR  |d 2019-11-22  |i 4702514  |o 617.103 CAM 2009  |p 4702514  |r 2025-04-22  |w 2019-11-22  |y BK  |k KIN 
952 |0 0  |1 0  |4 0  |6 617_103000000000000_CAM_2009  |7 0  |8 A  |9 438023  |a BIBCUR  |b BIBCUR  |d 2019-11-22  |i 4702522  |o 617.103 CAM 2009  |p 4702522  |r 2025-04-22  |w 2019-11-22  |y BK  |k KIN 
952 |0 0  |1 0  |4 0  |6 617_103000000000000_CAM_2009  |7 0  |8 A  |9 438024  |a BIBCUR  |b BIBCUR  |d 2019-11-22  |i 4702530  |o 617.103 CAM 2009  |p 4702530  |r 2025-04-22  |w 2019-11-22  |y BK  |k KIN 
952 |0 0  |1 0  |4 0  |6 617_103000000000000_CAM_2009  |7 0  |8 A  |9 438025  |a BIBCUR  |b BIBCUR  |d 2019-11-22  |i 4702549  |o 617.103 CAM 2009  |p 4702549  |r 2025-04-22  |w 2019-11-22  |y BK  |k KIN